<?xml version="1.0" encoding="UTF-8"?>
<record
    xmlns:xsi="http://www.w3.org/2001/XMLSchema-instance"
    xsi:schemaLocation="http://www.loc.gov/MARC21/slim http://www.loc.gov/standards/marcxml/schema/MARC21slim.xsd"
    xmlns="http://www.loc.gov/MARC21/slim">

  <leader>00970nam a22002537a 4500</leader>
  <datafield tag="999" ind1=" " ind2=" ">
    <subfield code="c">63984</subfield>
    <subfield code="d">63984</subfield>
  </datafield>
  <controlfield tag="005">20240530110709.0</controlfield>
  <controlfield tag="008">180121s2016    ua a   g b    000 0dara d</controlfield>
  <datafield tag="017" ind1=" " ind2=" ">
    <subfield code="a">2016/2661</subfield>
    <subfield code="b">&#x645;&#x635;&#x631;. &#x62F;&#x627;&#x631; &#x627;&#x644;&#x643;&#x62A;&#x628;</subfield>
  </datafield>
  <datafield tag="020" ind1=" " ind2=" ">
    <subfield code="a">9789774313846</subfield>
  </datafield>
  <datafield tag="040" ind1=" " ind2=" ">
    <subfield code="a">EG-CaGPL</subfield>
    <subfield code="c">EG-CaGPL</subfield>
  </datafield>
  <datafield tag="082" ind1="0" ind2="4">
    <subfield code="2">21</subfield>
    <subfield code="a">371.3\</subfield>
    <subfield code="b">&#x627; &#x637;</subfield>
  </datafield>
  <datafield tag="100" ind1="0" ind2=" ">
    <subfield code="a">&#x627;&#x644;&#x645;&#x643;&#x627;&#x634;&#x641;&#x649; &#x639;&#x62B;&#x645;&#x627;&#x646; &#x62F;&#x641;&#x639; &#x627;&#x644;&#x644;&#x647; &#x627;&#x644;&#x642;&#x627;&#x636;&#x649; </subfield>
  </datafield>
  <datafield tag="245" ind1="1" ind2="0">
    <subfield code="a">&#x637;&#x631;&#x642; &#x627;&#x644;&#x62A;&#x62F;&#x631;&#x64A;&#x633; :</subfield>
    <subfield code="b">&#x627;&#x62D;&#x62F;&#x62B; &#x627;&#x644;&#x62A;&#x637;&#x628;&#x64A;&#x642;&#x627;&#x62A; &#x644;&#x644;&#x645;&#x639;&#x644;&#x645; &#x627;&#x644;&#x645;&#x639;&#x627;&#x635;&#x631; /</subfield>
    <subfield code="c">&#x627;&#x644;&#x645;&#x643;&#x627;&#x634;&#x641;&#x649; &#x639;&#x62B;&#x645;&#x627;&#x646; &#x62F;&#x641;&#x639; &#x627;&#x644;&#x644;&#x647; &#x627;&#x644;&#x642;&#x627;&#x636;&#x649; .</subfield>
  </datafield>
  <datafield tag="250" ind1=" " ind2=" ">
    <subfield code="a">&#x637;.1</subfield>
  </datafield>
  <datafield tag="260" ind1=" " ind2=" ">
    <subfield code="a">&#x627;&#x644;&#x642;&#x627;&#x647;&#x631;&#x629; : </subfield>
    <subfield code="b">&#x645;&#x624;&#x633;&#x633;&#x629; &#x637;&#x64A;&#x628;&#x629; &#x644;&#x644;&#x646;&#x634;&#x631; &#x648;&#x627;&#x644;&#x62A;&#x648;&#x632;&#x64A;&#x639;&#x60C;</subfield>
    <subfield code="c">2016 .</subfield>
  </datafield>
  <datafield tag="300" ind1=" " ind2=" ">
    <subfield code="a">317 &#x635;. &#x61B;</subfield>
    <subfield code="c">24 &#x633;&#x645;. </subfield>
  </datafield>
  <datafield tag="650" ind1="0" ind2="7">
    <subfield code="2">qrmak</subfield>
    <subfield code="a">&#x627;&#x644;&#x62A;&#x639;&#x644;&#x64A;&#x645;</subfield>
  </datafield>
  <datafield tag="650" ind1="0" ind2="7">
    <subfield code="2">qrmak</subfield>
    <subfield code="a">&#x627;&#x644;&#x645;&#x62F;&#x631;&#x633;&#x648;&#x646;</subfield>
    <subfield code="x">&#x62A;&#x62F;&#x631;&#x64A;&#x628; </subfield>
  </datafield>
  <datafield tag="650" ind1="0" ind2="7">
    <subfield code="2">qrmak</subfield>
    <subfield code="a">&#x637;&#x631;&#x642; &#x627;&#x644;&#x62A;&#x62F;&#x631;&#x64A;&#x633;</subfield>
  </datafield>
  <datafield tag="650" ind1="0" ind2="7">
    <subfield code="2">qrmak</subfield>
    <subfield code="a">&#x627;&#x644;&#x62A;&#x639;&#x644;&#x64A;&#x645; &#x627;&#x644;&#x627;&#x644;&#x643;&#x62A;&#x631;&#x648;&#x646;&#x649; </subfield>
  </datafield>
  <datafield tag="651" ind1=" " ind2=" ">
    <subfield code="2">qrmak</subfield>
  </datafield>
  <datafield tag="942" ind1=" " ind2=" ">
    <subfield code="2">ddc</subfield>
    <subfield code="c">BK</subfield>
  </datafield>
  <datafield tag="952" ind1=" " ind2=" ">
    <subfield code="0">0</subfield>
    <subfield code="1">0</subfield>
    <subfield code="4">0</subfield>
    <subfield code="7">0</subfield>
    <subfield code="a">CAI</subfield>
    <subfield code="b">CAI</subfield>
    <subfield code="c">MAIN-LIBRARY</subfield>
    <subfield code="d">2018-01-24</subfield>
    <subfield code="l">0</subfield>
    <subfield code="o">371.3\ &#x627; &#x637;</subfield>
    <subfield code="p">164109</subfield>
    <subfield code="r">2018-01-24 00:00:00</subfield>
    <subfield code="w">2018-01-24</subfield>
    <subfield code="y">BK</subfield>
  </datafield>
</record>
